000 01418cam a2200361 a 4500
001 EDZ0000063705
003 StDuBDS
005 20161031105213.0
006 m||||||||d||||||||
007 cr |||||||||||
008 120319s2001 cau fo| 001|0|eng|d
020 _a9781452232720 (ebook) :
_cNo price
040 _aStDuBDS
_beng
_cStDuBDS
_epn
049 _aAlfaisal Main Library
050 0 _aRT82
_b.N8687 2001
082 0 4 _a610.73
_223
245 0 4 _aThe nursing profession
_h[electronic resource] :
_btomorrow and beyond /
_cNorma L. Chaska, editor.
260 _aThousand Oaks, [Calif.] ;
_aLondon :
_bSAGE,
_cc2001.
300 _a1 online resource (xxxv, 1014 p.)
520 8 _aIn this indepth, global study of nursing as a profession, the contributors discuss all areas of nursing including theory practice, research, administration and future evolution of nursing.
521 _aSpecialized.
588 _aDescription based on print version record.
504 _aIncludes bibliographical references and index.
650 0 _aNursing.
650 0 _aNursing
_xVocational guidance.
650 0 _aNursing
_xStudy and teaching.
655 7 _aElectronic books.
_2local
700 1 _aChaska, Norma L.
710 2 _aSage eBooks
776 0 8 _iPrint version :
_z9780761919445
856 4 0 _uhttp://ezproxy.alfaisal.edu/login?url=http://sk.sagepub.com/books/the-nursing-profession
942 _2lcc
_cEBOOKS
999 _c481613
_d481613